000 00249nam a2200097Ia 4500
008 170620s9999 xx 000 0 und d
100 _aUppal-A.K/Lawrence
245 0 _aKinesiology in Physical Education & Exp
260 _bNew delhi.Friends Pub
260 _c2004
300 _a255
999 _c27800
_d27800